Culture Générale - Série 2153 - Statistiques

Statistiques générales
  • Ce quiz a été pris 114 fois
  • Le résultat moyen est 6 sur 10
Statistiques - réponses
Question Réponse % Correct
Dans quel pays se trouve Rovaniemi, « la ville du Père Noël » Finlande
90%
Dans les années 1930, comment a été surnommé le mythique monstre du Loch Ness ? Nessie
83%
De quel archipel fait partie Ibiza, l’île aux plaisirs réputée pour ses folies nocturnes ? Baléares
81%
Genre cinématographique de fiction historique dont l'action se déroule dans l'Antiquité péplum
78%
Dans quel art s'est illustré Erik Satie (1866-1925) ? voir photo musique
74%
Quel animal est représenté au centre du drapeau egyptien ? aigle
66%
Dans quel département français se trouve la commune de Mouthe, surnommée la commune la plus froide de France à cause de ses nombreux records de basse température ? Doubs
58%
Qui a écrit "Les mystères de Paris" en 1842 ? prénom et nom Eugène Sue
49%
Quelle ville de l'état du Nevada, aux Etats Unis, est appelée "La petite soeur de Las Vegas" ? Reno
29%
Quel adjectif de 6 lettres commençant par " d " désigne celui qui parle avec facilité et élégance ? disert
20%
Aucun quiz correspondant
Distribution des résultats
% des personnes avec chaque résultat
Percentile par nombre de réponses
Votre historique - résultats
Vous n’avez pas pris ce quiz